| 000 | 00607cam a2200193 a 4500 | ||
|---|---|---|---|
| 001 | 000019835 | ||
| 005 | 20200929170146.0 | ||
| 008 | 820519s1968 sp 000 0bspa d | ||
| 040 |
_aDO-SdBNP _bspa _cLC _dBNPHU |
||
| 082 |
_a863.64 _bL579d |
||
| 100 | 1 |
_aLeon, María Teresa. _99161 |
|
| 245 | 1 | 0 |
_aDoña Jimena Díaz de Vivar : _bgran señora de todos los deberes / _cMaría Teresa Leon. |
| 260 |
_aMadrid : _bBiblioteca Nueva, _c1968. |
||
| 300 |
_a212 p. ; _c22 cm. |
||
| 650 | 4 |
_aNovela española _91123 |
|
| 650 | 4 |
_aLiteratura española _9632 |
|
| 910 | _aCatalogación derivada / LC | ||
| 049 | _aBNGR | ||
| 999 |
_c19348 _d19348 |
||